000 00746nam2a22002411 4500
001 RU\NLR\Per\842107
005 20250617193519.0
035 _a(NLR Aleph) 003085592
090 _a2440808
_c2440808
100 _a20120313d2012 |||y0rusy50 ca
101 0 _arus
102 _aRU
105 _ay ||||000|y
200 0 _aТ. 26, № 1
210 _d2012
_aБ. м.
461 0 _1001RU\NLR\INFOCOMM55\5000112250
_12001#$aСенсорные системы$fАН СССР$vТ. 26, № 1
_94504886
_cМ.
_d1987 -
_fАН СССР
_nНаука
_tСенсорные системы
_vТ. 26, № 1
801 1 _aRU
_bInfoComm
_c20041116
801 0 _aRU
_bNLR
_gPSBO
852 _aNLR
_jП8/1318
942 _cISSUE
980 _aNB
980 _aRUSPER